Virus-insect-plant interactions / (Record no. 704)

MARC details
000 -LEADER
fixed length control field 04861nam a22003017a 4500
001 - CONTROL NUMBER
control field BD-DhSAU 704
003 - CONTROL NUMBER IDENTIFIER
control field BD-DhSA
005 - DATE AND TIME OF LATEST TRANSACTION
control field 20150106015143.0
008 - FIXED-LENGTH DATA ELEMENTS--GENERAL INFORMATION
fixed length control field 010703s2001 cauaf rb 001 0 eng d
020 ## - INTERNATIONAL STANDARD BOOK NUMBER
International Standard Book Number 0123276810
035 ## - SYSTEM CONTROL NUMBER
System control number (DLC)12460454
040 ## - CATALOGING SOURCE
Transcribing agency BD-DhSA
082 00 - DEWEY DECIMAL CLASSIFICATION NUMBER
Classification number 632.8
Edition number 22
Item number VIR
245 00 - TITLE STATEMENT
Title Virus-insect-plant interactions /
Statement of responsibility, etc. Edited by Kerry F. Harris, Oney P. Smith and James E. Duffus.
260 ## - PUBLICATION, DISTRIBUTION, ETC. (IMPRINT)
Place of publication, distribution, etc. San Diego, Calif. :
Name of publisher, distributor, etc. Academic ;
Date of publication, distribution, etc. c2001.
300 ## - PHYSICAL DESCRIPTION
Extent xx, 376 p., [2] leaves of plates :
Other physical details ill. ;
Dimensions 24 cm.
504 ## - BIBLIOGRAPHY, ETC. NOTE
Bibliography, etc Includes bibliographical references and index.
505 8# - FORMATTED CONTENTS NOTE
Formatted contents note Machine generated contents note: PART I: VIRUS LOCALIZATION IN PLANTS AND VECTORS -- 1. Tomato Yellow Leaf Curl Virus: A Disease Sexually Transmitted -- by Whiteflies -- HENRYK CZOSNEK, SHAI MORIN, GALINA RUBINSTEIN, VIVIANE FRIDMAN, -- MUHAMAD ZEIDAN, AND MURAD GHANIM -- I. Introduction 1 -- II. Geminiviruses Transmitted by The Whitefly Bemisia tabaci 2 -- III. Role of Whitefly Endosymbiotic Chaperonins in Virus Transmission 4 -- IV Deleterious Effects of Virus on Whiteflies 9 -- V Sexual Transmission of Virus among Whiteflies 12 -- VI. Concluding Remarks 18 -- References 23 -- 2. Possible Etiology of Eriophyid Mite-Borne Pathogens Associated -- with Double Membrane-Bound Particles -- KYUNG-SOO KIM, KYUNG-KY AHN, ROSE C. GERGERICH, AND SUNG-BOON KIM -- I. Introduction 29 -- II. Groups of Eriophyid Mite-Associated Diseases 30 -- III. Concluding Remarks 42 -- References 44 -- 3. An Anatomical Perspective of Tospovirus Transmission -- T. NAGATA AND D. PETERS -- I. Introduction 51 -- I. Tospovirus Morphology and Composition 52 -- V -- 11. Viral Determinants Involved in Luteovirus-Aphid Interactions -- VERONIQUE BRAULT, VERONIQUE ZIEGLER-GRAFF, AND KENNETH E. RICHARDS -- I. Introduction 207 -- II. Viral Passage through the Aphid 208 -- III. Identifying Viral Proteins Involved in Transmission 213 -- IV. Virus-Symbionin Interactions 225 -- V Concluding Remarks 226 -- References 228 -- 12. Approaches to Genetic Engineering of Potato for Resistance -- to Potato Leafroll Virus -- CHARLES R. BROWN AND ONEY P. SMITH -- I. Introduction 233 -- II. The Virus 235 -- III. Approaches to Pathogen-Derived Resistance 236 -- IV. Resistance Mechanisms 240 -- V Concluding Remarks 242 -- References 243 -- PART IV: ECOLOGY, EPIDEMIOLOGY, AND CONTROL -- 13. Bemisia: Pest Status, Economics, Biology, -- and Population Dynamics -- T. J. HENNEBERRY AND S. J. CASTLE -- I. Introduction 247 -- II. Economic Impact and Pest Status 248 -- III. Taxonomy Flux 250 -- IV Population Dynamics 252 -- V Concluding Remarks 268 -- References 270 -- 14. Whitefly-Borne Viruses in Continental Europe -- PIERO C. CACIAGLI -- I. Introduction 279 -- II. Virus and Virus-Like Diseases 280 -- III. Vectors 285 -- IV. Concluding Remarks 287 -- References 287 -- 15. Transmission Properties of Whitefly-Borne Criniviruses -- and Their Impact on Virus Epidemiology -- GAIL C. WISLER AND JAMES E. DUFFUS -- I. Introduction 293 -- II. Vector Transmission and Virus-Vector Relationships 294 -- III. Criniviruses Infecting Cucurbits 296 -- IV Criniviruses Infecting Lettuce 298 -- V. Criniviruses Infecting Tomatoes 301 -- VI. Criniviruses Infecting Sweet Potato 304 -- VII. Criniviruses Infecting Weed Hosts 304 -- VIII. Concluding Remarks 305 -- References 306 -- Classical Biological Control of Bemisia and Successful -- Integration of Management Strategies in the United States -- A. A. KIRK, L. A. LACEY, AND J. A. GOOLSBY -- I. Introduction 309 -- II. Foreign Exploration 311 -- III. Pathogenic Fungi for Biological Control of SilverleafWhitefly 315 -- IV Evaluation and Release of SilverleafWhitefly Parasitoids 318 -- V Concluding Remarks 323 -- References 324 -- Interference with Ultraviolet Vision of Insects to Impede Insect Pests -- and Insect-Borne Plant Viruses -- YEHEZKEL ANTGNUS, MOSHE LAPIDOT, AND SHLOMO COHEN -- I. Introduction 331 -- II. Structure and Function of the Insect Compound Eye 332 -- III. Ultraviolet-Dependent, Vision-Related Behavior 334 -- IV Ultraviolet-Vision Based Management Strategies 336 -- V Concluding Remarks 347 -- References 347 -- Bionomics ofMicrutalis malleifera Fowler and Its Transmission -- of Pseudo-Curly Top Virus -- JAMES H. TSAI -- I. Introduction 351 -- II. Biology of Pseudo-Curly Top Disease 351 -- III. Vector Biology 353 -- IV Virus Transmission 360 -- References 361 -- Index 363.
590 ## - Name of Cataloguer
Name of Cataloger joy
650 #0 - SUBJECT ADDED ENTRY--TOPICAL TERM
Topical term or geographic name as entry element Plant viruses.
650 #0 - SUBJECT ADDED ENTRY--TOPICAL TERM
Topical term or geographic name as entry element Plant pathology.
650 #0 - SUBJECT ADDED ENTRY--TOPICAL TERM
Topical term or geographic name as entry element Virus-vector relationships.
700 1# - ADDED ENTRY--PERSONAL NAME
Personal name Harris, Kerry F.
700 1# - ADDED ENTRY--PERSONAL NAME
Personal name Smith, Oney P.
Fuller form of name (Oney Percy),
Dates associated with a name 1954-
700 1# - ADDED ENTRY--PERSONAL NAME
Personal name Duffus, James E.
856 42 - ELECTRONIC LOCATION AND ACCESS
Uniform Resource Identifier <a href="http://www.loc.gov/catdir/description/els031/2001093315.html">http://www.loc.gov/catdir/description/els031/2001093315.html</a>
856 41 - ELECTRONIC LOCATION AND ACCESS
Uniform Resource Identifier <a href="http://www.loc.gov/catdir/toc/fy022/2001093315.html">http://www.loc.gov/catdir/toc/fy022/2001093315.html</a>
942 ## - ADDED ENTRY ELEMENTS (KOHA)
Source of classification or shelving scheme Dewey Decimal Classification
Koha item type Book
Holdings
Withdrawn status Lost status Source of classification or shelving scheme Damaged status Not for loan Home library Branch Name Shelving location Date acquired Total Checkouts Full call number Barcode Checked out Date last seen Date checked out Price effective from Koha item type Collection code Cost, normal purchase price
    Dewey Decimal Classification     SAU Library SAU Library General Stacks 08/10/2009 1 632.8 VIR 36104 12/05/2025 17/04/2025 17/04/2025 06/01/2015 Book    
    Dewey Decimal Classification     SAU Library SAU Library General Stacks 08/10/2009   632.8 VIR 36103   15/01/2015   15/01/2015 Book    
    Dewey Decimal Classification   Not For Loan SAU Library SAU Library Reference 08/10/2009   632.8 VIR 36102   13/05/2015   13/05/2015 Book Reference  
    Dewey Decimal Classification   Not For Loan SAU Library SAU Library Reference 21/06/2023   632.8 VIR 44731   29/11/2023   29/11/2023 Book Reference 3780.00